|
|
|
|
| LEADER |
01605nam a2200361Ia 4500 |
| 001 |
EBC1681523 |
| 003 |
MiAaPQ |
| 005 |
20200520144314.0 |
| 006 |
m o d | |
| 007 |
cr cn||||||||| |
| 008 |
070117s2006 cc ab sb 000 0 eng d |
| 020 |
|
|
|z 9812567488 (pbk.)
|
| 020 |
|
|
|z 9789812567482 (pbk.)
|
| 035 |
|
|
|a (MiAaPQ)EBC1681523
|
| 035 |
|
|
|a (Au-PeEL)EBL1681523
|
| 035 |
|
|
|a (CaPaEBR)ebr10201391
|
| 035 |
|
|
|a (CaONFJC)MIL191912
|
| 035 |
|
|
|a (OCoLC)815749919
|
| 040 |
|
|
|a MiAaPQ
|c MiAaPQ
|d MiAaPQ
|
| 050 |
|
4 |
|a HD9502.C62
|b C497 2006
|
| 245 |
0 |
0 |
|a China's energy outlook 2004
|h [electronic resource] /
|c edited by The Compiling Team of China's Energy Outlook, Institute of Nuclear and New Energy Technology, Tsinghua University.
|
| 260 |
|
|
|a Beijing, China :
|b Tsinghua University Press ;
|a Hackensack, NJ :
|b World Scientific Publishing Co.,
|c c2006.
|
| 300 |
|
|
|a x, 103 p. :
|b col. ill., col. maps.
|
| 500 |
|
|
|a Issued also in Chinese under title: Zhongguo neng yuan zhan wang 2004.
|
| 504 |
|
|
|a Includes bibliographical references.
|
| 533 |
|
|
|a Electronic reproduction. Ann Arbor, MI : ProQuest, 2015. Available via World Wide Web. Access may be limited to ProQuest affiliated libraries.
|
| 650 |
|
0 |
|a Power resources
|z China
|x Forecasting.
|
| 650 |
|
0 |
|a Energy industries
|z China.
|
| 650 |
|
0 |
|a Energy development
|z China.
|
| 655 |
|
4 |
|a Electronic books.
|
| 710 |
2 |
|
|a Qing hua da xue (Beijing, China).
|b "Zhongguo neng yuan zhan wang" bian xie zu.
|
| 710 |
2 |
|
|a ProQuest (Firm)
|
| 856 |
4 |
0 |
|u https://ebookcentral.proquest.com/lib/matrademy/detail.action?docID=1681523
|z Click to View
|